000 00925pam a2200301 a 4500
999 _c19553
_d19553
001 1915182
003 BDDh-ASL
005 20231015025804.0
008 850925s1986 hiu b s000 0 eng
010 _a 85020979
020 _a0824810147 :
_c$14.00
040 _aDLC
_cDLC
_dBDDh-ASL
041 1 _aengjpn
043 _aa-ja---
050 0 0 _aBQ9449.D654
_bS53213 1986
082 0 0 _a294.385
_219
_bDOS
100 0 _aDōgen,
_d1200-1253.
240 1 0 _aShōbō genzō.
_kSelections.
_lEnglish
245 1 0 _aShōbōgenzō, Zen essays /
_cby Dōgen ; translated by Thomas Cleary.
260 _aHonolulu :
_bUniversity of Hawaii Press,
_cc1986.
300 _a123 p. ;
_c22 cm.
504 _aIncludes bibliographies.
610 2 0 _aSōtōshū
_xDoctrines
_xEarly works to 1800.
700 1 _aCleary, Thomas F.,
_d1949-
740 0 _aZen essays.
906 _a7
_bcbc
_corignew
_d1
_eocip
_f19
_gy-gencatlg
942 _2ddc
_cBK